00587nam a2200157Ia 4500082001200000100001800012245013300030260002400163300000900187504002900196650003400225650004800259650003800307650003200345710005200377 aRS.0537 aSatapathy, C. 0aPilot study on training needs of farm women for identification of income generating employment opportunities at village levelb: c0bICSSR, New Delhi av.p. aBibliography at the end. aWOMEN IN AGRICULTURE - ORISSA aAGRICULTURE - INFORMATION SERVICES - ORISSA aAGRICULTURAL INNOVATIONS - ORISSA aWOMEN - EMPLOYMENT - ORISSA aOrissa University of Agriculture and Technology